Loading...
| Literature - World | 0 | 5 | 0 | 0 | 50 | 40 | 78.80 | 1 | 3 | 20.23 | 40.63 |
| History - European | 0 | 3 | 0 | 1 | 30 | 66 | 86.33 | 0 | 0 | 9.67 | 15.63 |
| Literature - American | 0 | 3 | 0 | 0 | 30 | 28 | 63.00 | 1 | 1 | 16.74 | 25.00 |
| Mythology | 0 | 2 | 0 | 1 | 20 | 76 | 92.50 | 0 | 0 | 4.35 | 4.38 |
| Fine Arts - Painting and Sculpture | 0 | 2 | 0 | 0 | 20 | 85 | 88.00 | 0 | 1 | 7.19 | 18.75 |
| Religion | 0 | 2 | 0 | 2 | 20 | 103 | 111.00 | 0 | 0 | 0.00 | 4.26 |
| History - American | 0 | 2 | 1 | 0 | 15 | 67 | 71.00 | 0 | 0 | 8.27 | 8.13 |
| Philosophy | 0 | 2 | 1 | 1 | 15 | 103 | 104.50 | 0 | 0 | 0.77 | 2.90 |
| Literature - British | 0 | 2 | 1 | 0 | 15 | 88 | 101.00 | 0 | 0 | 2.59 | 11.46 |
| Fine Arts - Classical Music | 0 | 2 | 1 | 0 | 15 | 95 | 102.00 | 0 | 0 | 3.64 | 12.50 |
| Social Science | 0 | 1 | 0 | 1 | 10 | 104 | 104.00 | 0 | 0 | 0.00 | 2.08 |
| Fine Arts - Other | 0 | 2 | 2 | 0 | 10 | 74 | 95.00 | 0 | 0 | 5.38 | 12.50 |
| History - Other | 0 | 1 | 0 | 1 | 10 | 110 | 110.00 | 0 | 0 | 0.00 | 1.04 |
| History - World | 0 | 1 | 0 | 1 | 10 | 108 | 108.00 | 0 | 0 | 0.00 | 1.04 |
| Literature - European | 0 | 2 | 2 | 0 | 10 | 79 | 87.50 | 0 | 0 | 7.11 | 11.46 |
| Science - Biology | 0 | 1 | 0 | 0 | 10 | 58 | 58.00 | 0 | 1 | 5.91 | 9.38 |
| Science - Chemistry | 0 | 1 | 0 | 0 | 10 | 88 | 88.00 | 0 | 0 | 0.00 | 5.21 |
| Science - Physics | 0 | 1 | 0 | 0 | 10 | 104 | 104.00 | 0 | 0 | 0.12 | 7.29 |
| Current Events | 0 | 1 | 1 | 0 | 5 | 83 | 83.00 | 0 | 0 | 8.63 | 19.44 |
| Geography | 0 | 1 | 1 | 0 | 5 | 84 | 84.00 | 0 | 0 | 4.90 | 8.33 |
| Science - Other | 0 | 1 | 1 | 1 | 5 | 111 | 111.00 | 0 | 0 | 0.00 | 1.04 |
| Popular Culture | 0 | 0 | 1 | 0 | -5 | 0.00 | 0 | 0 | 0.00 | 0.00 |